Т. 2: Л - Р; Российская энциклопедия по охране труда

Manylion Llyfryddiaeth
Parent link:Российская энциклопедия по охране труда/ отв. ред. А. Л. Сафонов. Т. 2: Л - Р.— 2-е изд., перераб. и доп..— , 2007.— 978-5-93196-767-7
Crynodeb:Энциклопедия подготовлена Министерством здравоохранения и социального развития Российской Федерации. Включает более 1700 статей и охватывает все сферы, связанные с охраной труда. Предназначена для специалистов по охране труда и руководителей организаций.
Iaith:Rwseg
Cyhoeddwyd: 2007
Pynciau:
Fformat: Llyfr
KOHA link:https://koha.lib.tpu.ru/cgi-bin/koha/opac-detail.pl?biblionumber=163232

MARC

LEADER 00000nam2a2200000 4500
001 163232
005 20231101222400.0
010 |a 9785931967714 
035 |a (RuTPU)RU\TPU\book\177106 
035 |a RU\TPU\book\163020 
090 |a 163232 
100 |a 20090811d2007 km y0rusy50 ca 
101 0 |a rus 
102 |a RU 
105 |a a f 000zy 
200 0 |a Т. 2: Л - Р 
210 |d 2007 
215 |a 408 с.  |c ил. 
330 |a Энциклопедия подготовлена Министерством здравоохранения и социального развития Российской Федерации. Включает более 1700 статей и охватывает все сферы, связанные с охраной труда. Предназначена для специалистов по охране труда и руководителей организаций. 
461 1 |0 (RuTPU)RU\TPU\book\149444  |y 978-5-93196-767-7  |t Российская энциклопедия по охране труда  |f отв. ред. А. Л. Сафонов  |v Т. 2: Л - Р  |e 2-е изд., перераб. и доп.  |d 2007 
606 1 |a Производственная безопасность  |2 stltpush  |3 (RuTPU)RU\TPU\subj\52441  |9 70877 
610 1 |a промышленная безопасность 
610 1 |a охрана труда 
610 1 |a техника безопасности 
610 1 |a термины 
610 1 |a определения 
610 1 |a пожарная защита 
610 1 |a пожарная охрана 
610 1 |a энциклопедии 
675 |a 658.345(031)  |v 3 
801 1 |a RU  |b 63413507  |c 20090111  |g PSBO 
801 2 |a RU  |b 63413507  |c 20141003  |g RCR 
942 |c BK 
959 |a 2/20090111  |d 1  |e 2740,00  |f ЧЗКДП:1